=LDR 00000nam 2200000 4500 =001 INLIS000000000046443 =005 20150320104143.0 =006 =007 =008 =035 ##$$0010-031500000000215 =082 ##$$a 028.5 =090 ##$$a 028.5 $b bar b =100 ##$$a christian musselman $t barbie in unwelcome guests =245 ##$$a barbie in the unwelcome guests =260 ##$$a jakarta $b pt.gramedia pustaka utama $c 2010 =300 ##$$a 27 hlm $b illus $c 18 cm =850 ##$$a NPBMAT =990 ##$$a 0001/BPAP-NTB/20142015